<?xml version="1.0" encoding="UTF-8"?>
<record
    xmlns:xsi="http://www.w3.org/2001/XMLSchema-instance"
    xsi:schemaLocation="http://www.loc.gov/MARC21/slim http://www.loc.gov/standards/marcxml/schema/MARC21slim.xsd"
    xmlns="http://www.loc.gov/MARC21/slim">

  <leader>02568nam a22002897a 4500</leader>
  <controlfield tag="008">251021b        |||||||| |||| 00| 0 eng d</controlfield>
  <datafield tag="020" ind1=" " ind2=" ">
    <subfield code="a">9782290391174</subfield>
  </datafield>
  <datafield tag="040" ind1=" " ind2=" ">
    <subfield code="c">tbs</subfield>
  </datafield>
  <datafield tag="041" ind1=" " ind2=" ">
    <subfield code="a">fre</subfield>
    <subfield code="h">eng</subfield>
  </datafield>
  <datafield tag="100" ind1=" " ind2=" ">
    <subfield code="a">McFadden, Freida</subfield>
    <subfield code="9">26232</subfield>
    <subfield code="e">author</subfield>
  </datafield>
  <datafield tag="240" ind1=" " ind2=" ">
    <subfield code="a">Housemaid.</subfield>
    <subfield code="l">French.</subfield>
  </datafield>
  <datafield tag="245" ind1=" " ind2=" ">
    <subfield code="a">La femme de m&#xE9;nage</subfield>
    <subfield code="c">/ Freida McFadden ; translated by Karine Forestier.</subfield>
  </datafield>
  <datafield tag="260" ind1=" " ind2=" ">
    <subfield code="a">Paris,</subfield>
    <subfield code="b">J'ai Lu,</subfield>
    <subfield code="c">2024.</subfield>
  </datafield>
  <datafield tag="300" ind1=" " ind2=" ">
    <subfield code="a">411 pages ;</subfield>
    <subfield code="c">18 cm.</subfield>
  </datafield>
  <datafield tag="490" ind1=" " ind2=" ">
    <subfield code="a">Housemaid series</subfield>
  </datafield>
  <datafield tag="520" ind1=" " ind2=" ">
    <subfield code="a">Chaque jour, Millie fait le m&#xE9;nage dans la belle maison des Winchester, une riche famille new-yorkaise. Elle r&#xE9;cup&#xE8;re aussi leur fille &#xE0; l'&#xE9;cole et pr&#xE9;pare les repas avant d'aller se coucher dans sa chambre, au grenier. Pour la jeune femme, ce nouveau travail est une chance inesp&#xE9;r&#xE9;e. L'occasion de repartir de z&#xE9;ro. Mais, sous des dehors respectables, sa patronne se montre de plus en plus instable et toxique. Et puis il y a aussi cette rumeur d&#xE9;rangeante qui court dans le quartier : madame Winchester aurait tent&#xE9; de noyer sa fille quelques ann&#xE9;es auparavant. Heureusement, le gentil et s&#xE9;duisant monsieur Winchester est l&#xE0; pour rendre la situation supportable. Mais le danger se tapit parfois sous des apparences trompeuses. Et lorsque Millie d&#xE9;couvre que la porte de sa chambre mansard&#xE9;e ne ferme que de l'ext&#xE9;rieur, il est peut-&#xEA;tre d&#xE9;j&#xE0; trop tard... </subfield>
  </datafield>
  <datafield tag="520" ind1=" " ind2=" ">
    <subfield code="a">Every day, Millie cleans the beautiful home of the Winchesters, a wealthy New York family. She also picks up their daughter from school and prepares their meals before going to sleep in her small attic room. For the young woman, this new job is an unexpected opportunity&#x2014;a chance to start over.

But beneath her employer&#x2019;s respectable exterior, Mrs. Winchester grows increasingly unstable and toxic. And then there&#x2019;s the disturbing rumor spreading through the neighborhood: Mrs. Winchester once tried to drown her daughter.

Fortunately, the kind and charming Mr. Winchester is there to make things more bearable. Yet danger often hides behind deceiving appearances. And when Millie discovers that the door to her attic room can only be locked from the outside, it might already be too late...</subfield>
  </datafield>
  <datafield tag="650" ind1=" " ind2="0">
    <subfield code="a">Women household employees</subfield>
    <subfield code="v">Fiction</subfield>
    <subfield code="9">25381</subfield>
  </datafield>
  <datafield tag="650" ind1=" " ind2="0">
    <subfield code="a">Families </subfield>
    <subfield code="v">Fiction</subfield>
    <subfield code="9">22172</subfield>
  </datafield>
  <datafield tag="650" ind1=" " ind2="0">
    <subfield code="a">Spouses</subfield>
    <subfield code="v">Fiction</subfield>
    <subfield code="9">26233</subfield>
  </datafield>
  <datafield tag="650" ind1=" " ind2="0">
    <subfield code="a">Children</subfield>
    <subfield code="v">Fiction</subfield>
    <subfield code="9">26234</subfield>
  </datafield>
  <datafield tag="650" ind1=" " ind2="0">
    <subfield code="a">Family secrets</subfield>
    <subfield code="v">Fiction</subfield>
    <subfield code="9">23679</subfield>
  </datafield>
  <datafield tag="655" ind1=" " ind2="0">
    <subfield code="a">Psychological fiction</subfield>
    <subfield code="9">22456</subfield>
  </datafield>
  <datafield tag="655" ind1=" " ind2="0">
    <subfield code="a">Thrillers (Fiction)</subfield>
    <subfield code="9">22669</subfield>
  </datafield>
  <datafield tag="700" ind1=" " ind2=" ">
    <subfield code="a">Forestier, Karine</subfield>
    <subfield code="9">26235</subfield>
    <subfield code="e">translator</subfield>
  </datafield>
  <datafield tag="942" ind1=" " ind2=" ">
    <subfield code="2">lcc</subfield>
  </datafield>
  <datafield tag="952" ind1=" " ind2=" ">
    <subfield code="0">0</subfield>
    <subfield code="1">0</subfield>
    <subfield code="2">lcc</subfield>
    <subfield code="4">0</subfield>
    <subfield code="7">0</subfield>
    <subfield code="a">TBS</subfield>
    <subfield code="b">TBS</subfield>
    <subfield code="d">2025-10-21</subfield>
    <subfield code="l">1</subfield>
    <subfield code="o">P-FR MCF</subfield>
    <subfield code="p">B06055</subfield>
    <subfield code="r">2026-04-24</subfield>
    <subfield code="s">2026-02-26</subfield>
    <subfield code="t">1</subfield>
    <subfield code="w">2025-10-21</subfield>
    <subfield code="y">1</subfield>
  </datafield>
  <datafield tag="999" ind1=" " ind2=" ">
    <subfield code="c">5070</subfield>
    <subfield code="d">5070</subfield>
  </datafield>
</record>
